000 01016nam a2200253 a 4500
001 2936651
003 OSt
005 20230627114137.0
008 900309s1988 nyu i000 0 eng
010 _a 89209977
020 _a9211164311
040 _aDLC
_cDLC
_dDLC
043 _ae------
050 0 0 _aHC240.9.E5
_bU55 1988
082 0 0 _a363.7/07/094
_220
_bUNP
110 2 _aUnited Nations.
_bEconomic Commission for Europe.
245 1 0 _aRegional strategy for environmental protection and rational use of natural resources in ECE member countries covering the period up to the year 2000 and beyond :
_bas adopted by the Economic Commission for Europe at its forty-third session (1988) in decision E (43) /
_cEconomic Commission for Europe.
260 _aNew York :
_bUnited Nations,
_c1988.
300 _aiv, 52 p. ;
_c21 cm.
650 0 _aEnvironmental policy
_zEurope.
650 0 _aRenewable natural resources
_zEurope
_xManagement.
906 _a7
_bcbc
_corignew
_d3
_encip
_f19
_gy-gencatlg
942 _2ddc
_cBK
999 _c2848
_d2848